• 首页
  • 本馆介绍
  • 公告通知
  • 最新文献
  • 馆藏检索
  • 电子资源
  • 读者导购
  • 参考咨询
  • 我的图书馆
  • 登录
  • 详细信息显示
  • 放入我的书架
  • 预约/预借图书
  • 作者相关作品
  • 分类相关作品
  • 丛书相关作品
  • 出版社相关作品

书目信息

  • 表格格式
  • 工作单格式
  • 卡片格式
题名:
员工礼仪手册
    
 
作者: 嘉辰 编著
分册:  
出版信息: 北京   新华出版社  2015
页数: 229页
开本: 24cm
丛书名:
单 册:
中图分类: F272.921-62
科图分类:
主题词: 职工--礼仪--手册
电子资源:
ISBN: 978-7-5166-1512-6
000 00762nam0 2200229 45
001 012001000663
005 20140920091302.0
010    @a978-7-5166-1512-6@dCNY35.80
100    @a20150601d2015 em y0chiy50 ea
101 0  @achi
102    @aCN@b110000
105    @aa z 000yy
106    @ar
200 1  @a员工礼仪手册@9Yuan Gong Li Yi Shou Ce@f嘉辰编著
210    @a北京@c新华出版社@d2015
215    @a229页@c图@d24cm
330    @a本书对职场员工的仪表、仪态、举止、服饰、交谈、交往、会议、办公礼仪、商务宴请及涉外礼仪等员工礼仪规范作了阐述,并对工作中的一些重点和细节的地方作了阐释。
606 0  @a职工@x礼仪@j手册
690    @aF272.921-62@v5
701  0 @a嘉辰@9Jia Chen@4编著
801  0 @aCN@b上海新华@c20180901
905    @b1150972-76@dF272.921@e1505@f5
    
    员工礼仪手册/嘉辰编著.-北京:新华出版社,2015
    229页:图;24cm
    
    
    ISBN 978-7-5166-1512-6:CNY35.80
    本书对职场员工的仪表、仪态、举止、服饰、交谈、交往、会议、办公礼仪、商务宴请及涉外礼仪等员工礼仪规范作了阐述,并对工作中的一些重点和细节的地方作了阐释。
●
相关链接 在E读中查询图书 在五车中查询图书 在当当中查询图书 在豆瓣中查询图书


正题名:员工礼仪手册     索取号:F272.921/1505         预约/预借

序号 登录号 条形码 馆藏地/架位号 状态 备注
1 1150972   211509722   第一样本阅览室/ [索取号:F272.921/1505] 在馆    
2 1150973   211509731   第一借阅区/ [索取号:F272.921/1505] 在馆    
3 1150974   211509740   第一借阅区/ [索取号:F272.921/1505] 在馆    
4 1150975   211509759   第一借阅区/ [索取号:F272.921/1505] 在馆    
5 1150976   211509768   密集书库-海洋学院/ [索取号:F272.921/1505] 在馆    
唐山师范学院图书馆 欢迎您!
大连网信软件有限公司© 版权所有